MARC details
| 000 -LEADER |
| fixed length control field |
00971nam a2200373Ia 4500 |
| 003 - CONTROL NUMBER IDENTIFIER |
| control field |
LK-CoDNM |
| 005 - DATE AND TIME OF LATEST TRANSACTION |
| control field |
20240122100837.0 |
| 008 - FIXED-LENGTH DATA ELEMENTS--GENERAL INFORMATION |
| fixed length control field |
010623t1921 xxu||||| |||| 00| 1 sin d |
| 040 ## - CATALOGING SOURCE |
| Original cataloging agency |
LK-CoDNM |
| Modifying agency |
LK-CoDNM |
| Description conventions |
LK-CoDNM |
| 041 ## - LANGUAGE CODE |
| Language code of text/sound track or separate title |
Sinhala; Sinhalese |
| 080 ## - UNIVERSAL DECIMAL CLASSIFICATION NUMBER |
| Universal Decimal Classification number |
104 |
| Item number |
K 9 |
| 942 ## - ADDED ENTRY ELEMENTS (KOHA) |
| Koha item type |
Books |
| 100 ## - MAIN ENTRY--PERSONAL NAME |
| Personal name |
Higins,Mari Musias |
| 245 ## - TITLE STATEMENT |
| Title |
ඓතිහාසික කථා : ලංකා ඉතිහාසය |
| 246 ## - VARYING FORM OF TITLE |
| Title proper/short title |
Aitihasika Kata : Lanka Itihasaya |
| 260 ## - PUBLICATION, DISTRIBUTION, ETC. (IMPRINT) |
| Name of publisher, distributor, etc. |
Boys Industrial Home |
| Place of publication, distribution, etc. |
Colombo |
| Date of publication, distribution, etc. |
1921 |
| 300 ## - PHYSICAL DESCRIPTION |
| Other physical details |
280p, 21 cm |
| 490 ## - SERIES STATEMENT |
| Volume/sequential designation |
Part II |
| 650 ## - SUBJECT ADDED ENTRY--TOPICAL TERM |
| Topical term or geographic name as entry element |
Asokamala |
| 650 ## - SUBJECT ADDED ENTRY--TOPICAL TERM |
| Topical term or geographic name as entry element |
Buddhadasa king |
| 650 ## - SUBJECT ADDED ENTRY--TOPICAL TERM |
| Topical term or geographic name as entry element |
Datusena |
| 650 ## - SUBJECT ADDED ENTRY--TOPICAL TERM |
| Topical term or geographic name as entry element |
Dutugemunu |
| 650 ## - SUBJECT ADDED ENTRY--TOPICAL TERM |
| Topical term or geographic name as entry element |
History |
| 650 ## - SUBJECT ADDED ENTRY--TOPICAL TERM |
| Topical term or geographic name as entry element |
Kalidasa |
| 650 ## - SUBJECT ADDED ENTRY--TOPICAL TERM |
| Topical term or geographic name as entry element |
Kashyapa |
| 650 ## - SUBJECT ADDED ENTRY--TOPICAL TERM |
| Topical term or geographic name as entry element |
Kelaniye Raju |
| 650 ## - SUBJECT ADDED ENTRY--TOPICAL TERM |
| Topical term or geographic name as entry element |
Lanka Itihaasaya |
| 650 ## - SUBJECT ADDED ENTRY--TOPICAL TERM |
| Topical term or geographic name as entry element |
Maha Parackrama Bahu |
| 650 ## - SUBJECT ADDED ENTRY--TOPICAL TERM |
| Topical term or geographic name as entry element |
Mahasena |
| 650 ## - SUBJECT ADDED ENTRY--TOPICAL TERM |
| Topical term or geographic name as entry element |
Neela Yodaya |
| 650 ## - SUBJECT ADDED ENTRY--TOPICAL TERM |
| Topical term or geographic name as entry element |
Sirisangabo |
| 650 ## - SUBJECT ADDED ENTRY--TOPICAL TERM |
| Topical term or geographic name as entry element |
Viharamaha Devi |
| 650 ## - SUBJECT ADDED ENTRY--TOPICAL TERM |
| Topical term or geographic name as entry element |
Vijayabhahu |